000
00298nam a2200109Ia 4500
008
160531s9999 xx 000 0 und d
100
_a
Peter Rodman.
245
_a
Taxation and Representation?
245
_c
by Peter Rodman
260
_c
2015
856
_u
http://www.smashwords.com/books/view/581067
999
_c
295028
_d
295028